000 02331nam a2200217 a 4500
003 0
005 20250213093628.0
008 130905s19uu xx 00 eng d
050 _aPHS LA 1297
_b.D291 2012
100 _aDe Castro, Denise Ira O.
245 _aUniversity of the Philippines (UP) and University of Santo Tomas (UST) :
_ba comparative review in terms of quality education /
_cDenise Ira O. De Castro.
260 _aLas Piñas City, Philippines :
_bSouthville International School and Colleges,
_c2012.
300 _a65 pages :
_billustrations ;
_c28 cm.
504 _aIncludes bibliographical references.
520 _aThe purpose of this study was to find the relationship between fitness with self-esteem. As though people who are fit tend to have a high self-esteem because of confidence as to people who are not fit tend to have low self esteem and not have enough confidence with themselves. The researcher studied that when the questionnaires were given out randomly to 50 students in Southville International School and Colleges. Studies show that more people are normal weight when being tabulated and checked. Meaning those students who have normal weight tend to stay healthy and exercise. But some studies were also shown that a lot of underweight students were also calculated, and being underweight is not healthy, and some students are overweight as well meaning they tend to eat a lot and not have enough physical exercise. the research recommend that we should motivate and help out people who have low self-esteem and motivate people who aren’t in the proper normal weight. Because studies show that people who are overweight have mostly low self-esteem with themselves meaning they aren’t that confident with their body unlike people who are normal weight and underweight because they aren’t being compared on judged. So meaning we should help out people who have low self-esteem and get them fit so that during the end of the day they have something to achieve in their lives instead of being laughed at or getting bullied.
650 _aEducation, Higher
_zPhilippines
_vComparative studies.
650 _aEducational quality
_zPhilippines.
650 _aUniversity of the Philippines
_vEvaluation.
650 _aUniversity of Santo Tomas
_vEvaluation.
942 _2lcc
_cPASS
999 _c99086
_d99086